Musiker aus Hamburg - Statistiken

Allgemein
  • Dieses Quiz wurde 257 mal gespielt
  • Das Durchschnittsergebnis liegt bei 7 aus 25
Antwortstatistiken
Songs Musiker/Band % Korrekt
In der Weihnachtsbäckerei |… und ganz doll mich (ich mag) Rolf Zuckowski
71%
Ich lass für dich das Licht an | Halt dich an mir fest Revolverheld
70%
Herz an Herz | Boomerang Blümchen
66%
Oh Jonny | St. Pauli Jan Delay
63%
Leider geil | Bück dich hoch Deichkind
54%
Hamburg, meine Perle | Fliegen Lotto King Karl
43%
Ahnma | Füchse Beginner
37%
Goldener Reiter | Die Flut Joachim Witt
37%
Auf der Reeperbahn nachts um halb eins | Flieger, grüß mir die Sonne Hans Albers
36%
Türlich, türlich (sicher, Dicker) | Fumbananana Das Bo
29%
In Hamburg sagt man Tschüß | An de Eck steiht’n Jung mit’n Tüdelband Heidi Kabel
25%
Weck mich auf | Poesie Album Samy Deluxe
24%
Girls Like Us | Control Zoe Wees
24%
Du, die Wanne ist voll | Gib mir bitte einen Kuß Helga Feddersen
20%
I Couldn’t Care Less | My Heart Ain’t That Broken Leslie Clio
14%
Landungsbrücken raus | Sommer '89 (Er schnitt Löcher in den Zaun) Kettcar
13%
Corinna, Corinna | Hello Mary Lou Peter Beil
10%
Ohne dich | Wir werden uns wiedersehen Selig
9%
Kein Zurück | The Sparrows And The Nightingales Wolfsheim
9%
She’s Got That Light | Can Somebody Tell Me Who I Am? Orange Blue
8%
Hi Freaks | Pure Vernunft darf niemals siegen Tocotronic
8%
Universal Tellerwäscher | Was hat dich bloß so ruiniert Die Sterne
7%
Ich liebe dich | Besser Clowns & Helden
4%
Dr. Stein | I Want Out Helloween
4%
Wunderland bei Nacht | Moon Over Naples Bert Kaempfert
1%
Keine übereinstimmenden Quizze gefunden
Verteilung der Resultate
Anzahl Personen mit jedem Resultat
Perzentil nach korrekt beantworteten Fragen
Ihre Resultats-Entwicklung
Sie haben dieses Quiz noch nicht gespielt